Poochie [

Bibliographic Details
Main Author: Marmorstein, Malcolm
Format: Book
Published: Netherlands : Vestron Video , 1984
Subjects:

MARC

LEADER 00000cam a2200000 7i4500
001 0000000262
002 000000333
005 20020924.0
020 |a 000000333 
090 0 0 |a JF   |b POO 
100 1 |a Marmorstein, Malcolm 
245 1 0 |a Poochie [  |h video recording]   |c Malcolm Marmorstein 
260 |a Netherlands :   |b Vestron Video ,   |c 1984 
300 |a 1 Video recording VHS (45 minutes) :   |b col.(PAL) 
500 |a Library has 1 copy 
650 0 0 |a Cartoon and carricatures 
999 |a PV0124   |b VIDEO   |c JUNIOR REFERENCE   |e PERPUSTAKAAN KOMUNITI PETALING JAYA